Poland Euro 2020 Squad - Statistics

General Stats
  • This quiz has been taken 878 times
  • The average score is 13 of 27
Answer Stats
# Position Player % Correct
9 FW © Robert Lewandowski
99%
1 GK Wojciech Szczęsny
87%
15 DF Kamil Glik
81%
20 MF Piotr Zieliński
78%
7 FW Arkadiusz Milik
72%
10 MF Grzegorz Krychowiak
69%
22 GK Łukasz Fabiański
69%
5 DF Jan Bednarek
68%
12 GK Łukasz Skorupski
53%
Manager Paulo Sousa
52%
8 MF Karol Linetty
51%
18 DF Bartosz Bereszyński
50%
11 FW Karol Świderski
49%
13 DF Maciej Rybus
44%
16 MF Jakub Moder
43%
14 MF Mateusz Klich
39%
26 DF Tymoteusz Puchacz
39%
21 MF Kamil Jóźwiak
38%
19 MF Przemysław Frankowski
38%
6 MF Kacper Kozłowski
31%
4 DF Tomasz Kędziora
31%
3 DF Paweł Dawidowicz
29%
25 DF Michał Helik
25%
17 MF Przemysław Płacheta
24%
23 FW Dawid Kownacki
22%
24 FW Jakub Świerczok
22%
2 DF Kamil Piątkowski
18%
No matching quizzes found
Score Distribution
Percent of People with Each Score
Percentile by Number Answered
Your Score History
You have not taken this quiz